Title *Not* in the Lyrics - Statistics

General Stats
  • This quiz has been taken 510 times
  • The average score is 6 of 20
Answer Stats
Hint Answer Artist % Correct
"Scaramouch, Scaramouch, will you do the fandango?" Bohemian Rhapsody Queen
89%
"For some reason I can't explain, I know Saint Peter won't call my name." Viva la Vida Coldplay
70%
"Hello, hello, hello, how low." Smells Like Teen Spirit Nirvana
67%
"And I don't want the world to see me, cause I don't think that they'd understand." Iris Goo Goo Dolls
48%
"Hey hey mama, said the way you move, gonna make you sweat, gonna make you groove." Black Dog Led Zeppelin
42%
"I read the news today, oh boy." A Day in the Life Beatles
37%
"Out here in the fields, I fight for my meals." Baba O'Riley The Who
36%
"I chime in with a 'Haven't you people ever heard of closing the g*dd*mn door.'" I Write Sins Not Tragedies Panic at the Disco
34%
"Finished with my woman, cause she couldn't help me with my mind." Paranoid Black Sabbath
30%
"And so I cry sometimes when I'm lying in bed. Just to get it all out, what's in my head." What's up? 4 Non Blondes
29%
"Oh my love, my darling, I hunger for your touch." Unchained Melody The Righteous Brothers
24%
"Despite all my rage, I am still just a rat in a cage." Bullet with Butterfly Wings Smashing Pumpkins
17%
"Stop, children, what's that sound? Everybody look what's going round." For What It's Worth Buffalo Springfield
16%
"You want it all, but you can't have it. It's in your face, but you can't grab it." Epic Faith No More
14%
"However far away, I will always love you. However long I stay, I will always love you." Love Song The Cure
14%
"The words of the prophets were written on the studio walls - concert halls." Spirit of the Radio Rush
12%
"Waitin' on a Sunday afternoon, for what I read between the lines. Your lies." Interstate Love Song Stone Temple Pilots
10%
"Everybody must get stoned." Rainy Day Women Bob Dylan
8%
"Every time I see you falling, I get down on my knees and pray." Bizarre Love Triangle New Order
7%
"I've been downhearted baby. Ever since the day we met, ever since the day we met." Standing Outside a Broken Phone Booth with Money in My Hand Primitive Radio Gods
3%
No matching quizzes found
Score Distribution
Percent of People with Each Score
Percentile by Number Answered
Your Score History
You have not taken this quiz